National Assembly Library of Thailand

พระราชบัญญัติป้องกันการทารุณกรรมและการจัดสวัสดิภาพสัตว์ พ.ศ. 2557 / (ระเบียนเลขที่ 107525)

รายละเอียดในรูปแบบ MARC
000 -LEADER
fixed length control field 01563nam a2200217 4500
003 - CONTROL NUMBER IDENTIFIER
control field NALT
005 - DATE AND TIME OF LATEST TRANSACTION
control field 20251126131517.0
008 - FIXED-LENGTH DATA ELEMENTS--GENERAL INFORMATION
fixed length control field 251120b th ||||| |||| 00| 0 tha d
040 ## - CATALOGING SOURCE
Original cataloging agency NALT
050 ## - LIBRARY OF CONGRESS CALL NUMBER
Classification number KO 106
Item number ก782พ 2563
110 2# - MAIN ENTRY--CORPORATE NAME
Corporate name or jurisdiction name as entry element กระทรวงเกษตรและสหกรณ์.
Subordinate unit กรมปศุสัตว์
-- กองสวัสดิภาพสัตว์และสัตวแพทย์บริการ.
9 (RLIN) 67051
245 10 - TITLE STATEMENT
Title พระราชบัญญัติป้องกันการทารุณกรรมและการจัดสวัสดิภาพสัตว์ พ.ศ. 2557 /
Statement of responsibility, etc. กองสวัสดิภาพสัตว์และสัตวแพทย์บริการ กรมปศุสัตว์ กระทรวงเกษตรและสหกรณ์.
260 ## - PUBLICATION, DISTRIBUTION, ETC.
Place of publication, distribution, etc. กรุงเทพฯ :
Name of publisher, distributor, etc. กรมปศุสัตว์ กระทรวงเกษตรและสหกรณ์,
Date of publication, distribution, etc. 2563.
300 ## - PHYSICAL DESCRIPTION
Extent 34 หน้า ;
Dimensions 21 ซม.
650 #4 - SUBJECT ADDED ENTRY--TOPICAL TERM
Topical term or geographic name entry element สัตว์
General subdivision การป้องกันการทารุณกรรม
-- กฎหมายและระเบียบข้อบังคับ
9 (RLIN) 67084
650 #4 - SUBJECT ADDED ENTRY--TOPICAL TERM
Topical term or geographic name entry element สัตว์
General subdivision กฎหมายและระเบียบข้อบังคับ
Geographic subdivision ไทย
9 (RLIN) 67085
942 ## - ADDED ENTRY ELEMENTS (KOHA)
Source of classification or shelving scheme Local Classification
Koha item type Law Book
996 ## - STAFF PROCESSING RECORDS (NALT)
Staff name jidapa.t
Staff type ACQSTF
Acquisition or Cataloging date 2025-11-20
996 ## - STAFF PROCESSING RECORDS (NALT)
Staff name saiphon.d
Staff type CATSTF
Acquisition or Cataloging date 2025-11-26
998 ## - STAFF NAME (NALT)
-- 104
-- นางสาวสายฝน ดีงาม
รายการที่มีในห้องสมุด
Withdrawn status Lost status Source of classification or shelving scheme Damaged status Not for loan Collection code Home library Current library Shelving location Date acquired Source of acquisition Total Checkouts Full call number Barcode Date last seen Copy number Price effective from Koha item type
    Local Classification     Law Book collection National Assembly Library of Thailand National Assembly Library of Thailand Law Book shelves 20/11/2025 หน่วยงานภาครัฐ   KO 106 ก782พ 2563 3961215923 20/11/2025 ฉ.1 20/11/2025 Law Book
    Local Classification     Law Book collection National Assembly Library of Thailand National Assembly Library of Thailand Law Book shelves 20/11/2025 หน่วยงานภาครัฐ   KO 106 ก782พ 2563 3961215924 20/11/2025 ฉ.2 20/11/2025 Law Book
หอสมุดรัฐสภา
สำนักงานเลขาธิการสภาผู้แทนราษฎร เลขที่ 1111 ถนนสามเสน แขวงถนนนครไชยศรี เขตดุสิต กรุงเทพฯ 10300
The Secretariat of the House of Representatives 1111 Samsen Road, Thanon Nakhon Chai Si, Dusit, Bangkok 10300, THAILAND
โทรศัพท์: +66(0) 2242 5900 ต่อ 5714-5 โทรสาร: +66(0) 2242 5990 อีเมล: [email protected]